02205nam a2200349 i 4500003000900000005001700009007000300026008004100029020001800070040003100088082002900119100004700148245013000195250000600325264008400331300004600415336002700461337003300488338002800521505078200549590002601331650007601357650005101433650000601484651006501490700004901555710005201604910004101656942001201697952012901709999001701838DO-SdBPM20260114105210.0ta250624b2013 dr a|||| |||| 00| 0 spa d a9789945471328 aDO-SdBPMbspacBPMSU erda 4a342.7293bV297c 20132221 aVargas Corona, Dulce Maríaeautora4aut.13aLa constitución dominicana infantil /cadaptación Dulce María Vargas Corona ; ilustraciones Roberto Carlos Rodríguez  a  1aSanto Domingo :b Cámara de Diputados de la República Dominicana, c2013b  a149 páginas : bilustraciones ;c26 cm. atextobtxt2rdacontent asin mediaciónbn2rdamedia avolumenbnc2rdacarrier0 aPresentación | Introducción | Preámbulo | Título I. De la Nación, del Estado, de su gobierno y de sus principios fundamentales | Título II. Derechos, garantías y deberes fundamentales | Título III. El Poder Legislativo | Título IV. El Poder Ejecutivo | Título V. El Poder Judicial | Título VI. El Consejo Nacional de la Magistratura | Título VII. El control constitucional | Título VIII. El defensor del pueblo | Título IX. El ordenamiento territorial | Título X. El sistema electoral | Título XI. Régimen económico y financiero y de l Cámara de Cuentas | Título XII. La seguridad y la defensa | Título XIII. Los estados de excepción | Título XIV. Las reformas constitucionales | Título XV. Disposiciones generales y transitorias aInventariado, 2026/VM 7aReformas constitucionaleszRepública DominicanaxLiteratura infantil. 7aEducación cívica zRepública Dominicanaz a  7aRepública DominicanaxConstitución xLiteratura infantil1 aRodríguez, Roberto Carlos eilustraciones 1 aRepública Dominicana.bCámara de Diputados. aVMateo V. Control de calidad. BPMSU  2ddccBK 00102ddc40708CI-DaBPMETbBPMETd2026-01-13l0oBPMSU CDI 342.7293 V297c 2013pBPMSU26010004r2026-01-13w2026-01-13yBK c15595d15595